| 000 | 00404nam a22001697a 4500 | ||
|---|---|---|---|
| 005 | 20251108175154.0 | ||
| 008 | 250721s9999 xx 000 0 eng d | ||
| 082 | 1 | 4 | _a782.10973/SON |
| 100 | 1 | _aSonneck, O.G | |
| 245 | 1 | 0 | _aEarly opera in America / |
| 264 | 1 |
_aNEWYORK : _bB. Blom, _c[19-]. |
|
| 300 | _a230 p. | ||
| 650 | 1 | 7 | _aUnitedState |
| 650 | 1 | 7 | _aOpera |
| 942 |
_2ddc _cBK |
||
| 999 |
_c127852 _d127852 |
||